000 04650cam a2200553 i 4500
001 data
005 20260322212111.0
008 data
035 _a22741897
906 _a7
_bcbc
_ccopycat
_d2
_encip
_f20
_gy-gencatlg
925 0 _aacquire
_b2 shelf copies
_xpolicy default
010 _a 2017300684
015 _aGBC1D2471
_2bnb
016 7 _a020290805
_2Uk
020 _a1801177899
_q(hardcover)
020 _a9781801177894
_q(hardcover)
020 _z9781801177900
_q(ePub ebook)
020 _z9781801177887
_q(PDF ebook)
035 _a(OCoLC)1255777358
040 _aYDX
_beng
_cYDX
_erda
_dDLC
_dOCLCO
_dOCLCF
_dYDX
_dOCL
_dOCLCO
_dCSA
_dOCLCO
_dOCLCQ
_dDLC
042 _alccopycat
050 0 0 _aHG173
_b.R449 2021
082 0 4 _a332
_223
245 0 0 _aRethinking finance in the face of new challenges /
_cedited by David Bourghelle, Roland Pérez and Philippe Rozin.
250 _aFirst edition.
264 1 _aBingley, UK :
_bEmerald Publishing Limited,
_c2021.
264 4 _c©2021
300 _axxix, 277 pages :
_billustrations ;
_c23 cm
336 _atext
_btxt
_2rdacontent
337 _aunmediated
_bn
_2rdamedia
338 _avolume
_bnc
_2rdacarrier
490 1 _aCritical Studies on Corporate Responsibility, Governance and Sustainability ;
_vvolume 15
504 _aIncludes bibliographical references and index.
505 0 _aPreface: Financial values as social fact / Andre Orléan -- Rethinking finance in the face of new social, societal and environmental challenges / David Bourghelle and Philippe Rozin -- Part I. Finance, financialization in a global market -- Introduction: Finance and financialisation in a global world / Yamina Tadjeddine -- 1. Financial instability and temporality conflicts in financialized capitalism / Renaud du Tertre -- 2. Unconventional monetary policies: new normal or "black hole"? 2019: the year of truth / Jacques Ninet -- 3. On the financialization of business strategies / Roland Pérez -- 4. How do we counter financialization? / Paul Jorion -- Part II. The construction of financial values: an historical perspective -- Introduction: The construction of financial values: a historical perspective / Catherine Karyotis -- 5. Paving the way towards financialization: The French case of state venality of offices (century 15th-17th) / Nicolas Pinsard -- 6. The institutional architecture of value: appraisals and the formation of bubbles in the financialized real estate sector / Marine Duros -- 7. Accounting as a political object / Edouard Jourdain -- Part III. Social reality and the new financial structures: sustainable and participatory finance -- Introduction: Responsible finance and social impact: assessing alternative forms of social engagement and value creation / Sharam Alijani -- 8. Social impacts and their contracts / Florence Jany-Catrice and Marion Studer -- 9. The crowdfunding: towards a commodification of generosity? / Amélie Artis and Virginie Monvoisin -- 10. Sustainable finance: concepts, analyses and perspectives / Dhafer Saidane and Sana Ben Abdallah -- Part IV. Finance, markets and society: rethinking the paradigm? -- Introduction: Finance, markets and society: rethinking the paradigm / Roland Pérez -- 11. Economics and finance: the monopoly and dangers of the mainstream school of thought / Marc Chesney -- 12. Can behavioral finance be the foundation for new regulation? / Sabrina Chikh and Pascal Grandin -- 13. Collective affects and speculative bubbles in financial markets: a Spinozist perspective / David Bourghelle and Philippe Rozin -- 14. Teaching finance through a social science lens / Stéphanie Serve and Yamina Tadjeddine -- Conclusion: Finance and sustainability: an integrated thinking / Thomas Lagoarde-Segot, Roland Pérez, and William Sun -- Postscript / Michel Levasseur -- Index.
520 _aRethinking Finance in the Face of New Challengesprovides an overview of the new research perspectives devoted to financial activity, reconsidering the opposition between orthodox and heterodox schools of finance.
650 0 _aFinance.
650 0 _aFinance
_xHistory.
650 6 _aFinances.
650 6 _aFinances
_xHistoire.
650 7 _afinance.
_2aat
650 7 _aFinance.
_2fast
_0(OCoLC)fst00924349
655 7 _aHistory.
_2fast
_0(OCoLC)fst01411628
700 1 _aBourghelle, David,
_eeditor.
700 1 _aPérez, Roland,
_eeditor.
700 1 _aRozin, Philippe,
_eeditor.
776 0 8 _iEbook version :
_z9781801177900
830 0 _aCritical studies on corporate responsibility, governance and sustainability ;
_vv. 15.
999 _c1658
_d1658